Countries and Capitals Containing 'th' - Statistics

General Stats
  • This quiz has been taken 77 times
    65 since last reset
  • The average score is 9 of 14
Answer Stats
Region Answer % Correct
Asia North Korea
74%
Asia South Korea
74%
Asia Thimphu
74%
Europe Athens
72%
Europe North Macedonia
72%
Africa South Africa
72%
Africa South Sudan
72%
Oceania South Tarawa
70%
Europe Netherlands
65%
Asia Thailand
65%
Asia Kathmandu
63%
Europe Lithuania
53%
Africa Ethiopia
51%
Africa Lesotho
40%
No matching quizzes found
Score Distribution
Percent of People with Each Score
Percentile by Number Answered
Your Score History
You have not taken this quiz since the last reset